| 000 | 00475nam a2200169Ia 4500 | ||
|---|---|---|---|
| 003 | IN-BaIIA | ||
| 008 | 211028s9999 xx 000 0 eng d | ||
| 040 | _cIIA Library | ||
| 080 |
_a681.3 _bHOE |
||
| 100 |
_aHoeschele, David F _97826 |
||
| 245 | 0 |
_aAnalog-to-Digital/Digital-to-Analog conversion tecnhiques _cDavid F. Hoeschele |
|
| 260 |
_aNew York _bJohn Wiley & Sons _c1968 |
||
| 300 | _axv, 455p. | ||
| 650 |
_aComputers _92283 |
||
| 650 | _aNASA Thesaurus | ||
| 942 | _cBK | ||
| 999 |
_c4485 _d4485 |
||